| 000 | 00433cam a2200169ua 4500 | ||
|---|---|---|---|
| 020 | _c1.00 | ||
| 041 |
_amal _h |
||
| 082 |
_a894.8121 _bKRI/VA |
||
| 100 | _akrishna Pillai, Nalamkal . | ||
| 245 |
_aVasantha Kanthi / _cNalamkal Krishna Pillai. _hTextual Documents |
||
| 260 |
_aKottayam : _bVidyarthi Mithram Book Depo , _c1961. |
||
| 300 | _a72 ; . | ||
| 365 | _a1.00 | ||
| 504 | _a | ||
| 942 | _cBK | ||
| 999 |
_c4950 _d4950 |
||